000 00453nam a2200181Ia 4500
001 10326
005 20260306161824.0
008 260306t1999||||xx |||||||||||||| ||spa||
041 _aESP
082 _a920.009
_bB81
100 _aBravo, José Antonio
_eAUT
245 0 _aNarradores del siglo XX:
_b(nacidos entre 1900 y 1919)
260 _c1999
300 _a255 páginas :
_c24 cm.
650 _aGEN
654 _aCHU
942 _cLIB
_dJUS
_fJUS
_2ddc
_n
999 _c10326
_d10326